Les meilleurs buteurs du Big Five sur l'année civile 2025 (Football) - Statistiques

Statistiques générales
  • Ce quiz a été pris 386 fois
    58 depuis la dernière actualisation
  • Le résultat moyen est 22 sur 31
Statistiques - réponses
Rang Buts Club Joueur % Correct
3 37 Manchester City Erling Haaland
100%
1 58 Real Madrid Kylian Mbappé
100%
2 48 Bayern Munich Harry Kane
98%
6 29 Paris SG Ousmane Dembélé
98%
12 24 FC Barcelone Raphinha
98%
- 21 FC Barcelone Lamine Yamal
96%
7 27 Inter Milan Lautaro Martinez
96%
- 27 FC Barcelone Robert Lewandowski
95%
- 27 Atletico Madrid Julián Álvarez
91%
5 31 Borussia Dortmund Sehrou Guirassy
91%
4 34 Arsenal Viktor Gyökeres
89%
11 25 Olympique de Marseille Mason Greenwood
87%
- 19 Liverpool Mohamed Salah
87%
- 18 Paris SG Désiré Doué
85%
15 22 Liverpool Hugo Ekitike
82%
9 27 FC Barcelone Ferran Torres
80%
13 23 Paris SG Gonçalo Ramos
76%
- 18 Bayern Munich Michael Olise
75%
16 21 Atlético Madrid Alexander Sørloth
65%
- 19 Crystal Palace Jean-Philippe Mateta
65%
- 23 Bayer Leverkusen Patrik Schick
65%
- 18 Manchester United Bruno Fernandes
60%
- 18 Bayern Munich Luis Díaz
53%
- 19 AC Milan Christian Pulisic
45%
27 18 Strasbourg Emanuel Emegha
45%
- 20 Newcastle Nick Woltemade
45%
- 21 Olympique de Marseille Igor Paixão
38%
- 21 Osasuna Ante Budimir
33%
20 20 Stade Rennais Esteban Lepaul
29%
- 19 Bologne Riccardo Orsolini
13%
22 19 Eintracht Francfort Jonathan Burkardt
7%
Aucun quiz correspondant
Distribution des résultats
% des personnes avec chaque résultat
Percentile par nombre de réponses
Votre historique - résultats
Vous n’avez pas pris ce quiz depuis la dernière actualisation